Taylor Swift Songs by First and Last Letter #2 - Statistics

General Stats
  • This quiz has been taken 203 times
    101 since last reset
  • The average score is 5 of 10
Answer Stats
First Letter Answer Last Letter % Correct
h hoax x
96%
B Bejeweled/Bad Blood d
77%
F Fearless/Forever & Always s
71%
O Only The Young/Our Song g
64%
P Paper Rings/Paris s
61%
m mad woman n
53%
A All Of The Girls You Loved Before e
30%
D Dear John n
29%
S Soon You'll Get Better/Superstar r
29%
L Labyrinth h
19%
No matching quizzes found
Score Distribution
Percent of People with Each Score
Percentile by Number Answered
Your Score History
You have not taken this quiz since the last reset